000 00294nam a22001337a 4500
008 171124b xxu||||| |||| 00| 0 eng d
020 _a9780078819049
041 _aeng
080 _24 ED
_a004
100 _a30
101 _aSHK
245 _aDOS THE COMPLETE
_cKRIS.J
942 _2udc
_cBK
999 _c38449
_d38449